19 Governorates Of Iraq - Statistics

General Stats
  • This quiz has been taken 21 times
  • The average score is 13 of 19
Answer Stats
Capital Governorate % Correct
Baghdad Baghdad
100%
Basra Basra
100%
Erbil Erbil
86%
Kirkuk Kirkuk
86%
Ramadi Al Anbar
79%
Najaf Najaf
79%
Sulaymaniyah Sulaymaniyah
79%
Hillah Babil
71%
Nasiriyah Dhi Qar
71%
Halabja Halabja
71%
Karbala Karbala
71%
Mosul Nineveh
71%
Al Diwaniyah Al Qadisiyah
64%
Al-Kūt Wasit
64%
Duhok Dohuk
50%
Amarah Maysan
50%
Samawah Muthanna
50%
Baqubah Diyala
43%
Tikrit Salah Ad Din
43%
No matching quizzes found
Score Distribution
Percent of People with Each Score
Percentile by Number Answered
Your Score History
You have not taken this quiz